Los tratados de construcción y uso de la azafea de Azarquiel / (Record no. 12795)

MARC details
000 -LEADER
campo de control de longitud fija 01154nam a2200289 i 4500
001 - NÚMERO DE CONTROL
campo de control 12795
003 - IDENTIFICADOR DE NÚMERO DE CONTROL
campo de control ES-MaACL
005 - FECHA Y HORA DE LA ÚLTIMA TRANSACCIÓN
campo de control 20230906150413.0
007 - CAMPO FIJO DE DESCRIPCIÓN FÍSICA--INFORMACIÓN GENERAL
campo de control de longitud fija t|
008 - DATOS DE LONGITUD FIJA--INFORMACIÓN GENERAL
campo de control de longitud fija 890905s1987 sp |||| | spa j
020 ## - NÚMERO INTERNACIONAL ESTÁNDAR DEL LIBRO
Número Internacional Estándar del Libro 84-7472-078-8
080 ## - NÚMERO DE LA CLASIFICACIÓN DECIMAL UNIVERSAL
Número de la Clasificación Decimal Universal 52 Ibn al-Zurqalla, Ibrahim b. Yahyáa
080 ## - NÚMERO DE LA CLASIFICACIÓN DECIMAL UNIVERSAL
Número de la Clasificación Decimal Universal 520.25(035.3)"10"
100 1# - ENTRADA PRINCIPAL--NOMBRE DE PERSONA
Nombre de persona Puig Aguilar, Roser.
9 (RLIN) 94249
245 14 - MENCIÓN DEL TÍTULO
Título Los tratados de construcción y uso de la azafea de Azarquiel /
Mención de responsabilidad, etc. por Roser Puig Aguilar.
260 ## - PUBLICACIÓN, DISTRIBUCIÓN, ETC.
Lugar de publicación, distribución, etc. Madrid :
Nombre del editor, distribuidor, etc. Instituto Hispano-Arabe de Cultura,
Fecha de publicación, distribución, etc. 1987.
300 ## - DESCRIPCIÓN FÍSICA
Extensión 132 p. :
Otras características físicas il. ;
Dimensiones 24 cm.
490 1# - MENCIÓN DE SERIE
Mención de serie Cuadernos de ciencias ;
Designación de volumen o secuencia 1
504 ## - NOTA DE BIBLIOGRAFÍA, ETC.
Nota de bibliografía, etc. Bibliografía: p. [131]-132.
600 04 - PUNTO DE ACCESO ADICIONAL DE MATERIA--NOMBRE DE PERSONA
Nombre de persona Ibn al-Zurqalla, Ibrahim b. Yahyà.
Título de la obra 'Amal bi-l-safiha al-zarqaliyya al-mu'adda li-yami' al-afaq.
9 (RLIN) 65001
650 14 - PUNTO DE ACCESO ADICIONAL DE MATERIA--TÉRMINO DE MATERIA
Término de materia o nombre geográfico como elemento de entrada Azafeas-
Subdivisión de forma Obras anteriores a 1800.
9 (RLIN) 10466
700 1# - ENTRADA AGREGADA--NOMBRE PERSONAL
Nombre de persona Ibn al-Zurqalla, Ibrahim b. Yahyà.
Título de la obra 'Amal bi-l-safiha al-zarqaliyya al-mu'adda li-yami' al-afaq.
Lenguaje de la obra Español.
9 (RLIN) 65002
710 2# - ENTRADA AGREGADA--NOMBRE DE ENTIDAD CORPORATIVA
Nombre de entidad corporativa o nombre de jurisdicción como elemento de entrada Instituto Hispano-Árabe de Cultura.
9 (RLIN) 162165
830 0# - PUNTO DE ACCESO ADICIONAL DE SERIE-TÍTULO UNIFORME
Título uniforme Cuadernos de ciencias ;
Designación de volumen o secuencia 1
9 (RLIN) 228334
852 ## - LOCALIZACIÓN
Ubicación ES-MaACL
Número de control de estantería L-19996
Holdings
Estatus retirado Estado de pérdida Estado de daño No para préstamo Biblioteca de origen Biblioteca actual Ubicación en estantería Fecha de adquisición Fuente de adquisición Total de préstamos Signatura topográfica completa Código de barras Visto por última vez Precio de reemplazo Tipo de ítem Koha
        Biblioteca del Ateneo de Madrid Biblioteca del Ateneo de Madrid Depósito 2 17/01/2008     L-19996 1013034 23/02/2023 23/02/2023 Libro impreso